Juventud y política en Colombia (Registro nro. 303829)

Detalles MARC
000 -ENCABEZADO
Número de control [NR] 01051cam a2200277 a 4500
005 - FECHA Y HORA DE LA ÚLTIMA TRANSACCIÓN
control field 20160809141140.0
008 - DE LONGITUD FIJA DE DATOS DE ELEMENTOS - INFORMACIÓN GENERAL
Elementos de longitud fija [NR] 160809s1986 ck fr 001 0 spa d
015 ## - NUMERO DE BIBLIOGRAFIA NACIONAL [R]
Número de bibliografía nacional [R] NSN
035 ## - NUMERO DE CONTROL DEL SISTEMA [R]
Número de control del sistema [NR] (Sirsi) 161578
040 ## - FUENTE DE CATALOGACION [NR]
Agencia de catalogación original [NR] Co-BoUCM
Quien Cataloga Saul Niño
Quien Clasifica Saul Niño
041 0# - CODIGO DE IDIOMA [R]
Código de idioma para texto/pista de sonido o título separado [R] Español
245 00 - MENCION DE TITULO [NR]
Título [NR] Juventud y política en Colombia
Mención de responsabilidad, etc. [NR] Mario Laterro... [y otros.] ; edición Martha Cardenas y Alberto Díaz Uribe
260 ## - PUBLICACION, DISTRIBUCION, ETC. (PIE DE IMPRENTA) [R]
Lugar de publicación, distribución, etc. [R] Bogotá (Colombia)
Nombre del editor, distribuidor, etc. [R] FESCOL
Fecha de publicación, distribución, etc. [R] 1986
300 ## - DESCRIPCION FISICA [R]
Extensión [R] 272 páginas
500 ## - NOTA GENERAL [R]
Nota general [NR] Incluye índice
500 ## - NOTA GENERAL [R]
Nota general [NR] "Fe de erratas: Por error de impresión la fecha de edición de este libro figura 1984, siendo edición 1986"
504 ## - NOTA DE BIBLIOGRAFIA, ETC. [R]
Nota de bibliografía, etc. [NR] Incluye referencias bibliográficas
650 #7 - ASIENTO SECUNDARIO DE MATERIA - TERMINO TEMATICO [R]
Término temático o nombre geográfico como elemento de entrada [NR] Juventud
Subdivisión general [R] Actividad política
Subdivisión geográfica [R] colombia
9 (RLIN) 18211
650 #7 - ASIENTO SECUNDARIO DE MATERIA - TERMINO TEMATICO [R]
Término temático o nombre geográfico como elemento de entrada [NR] Lideres políticos
9 (RLIN) 18542
650 #7 - ASIENTO SECUNDARIO DE MATERIA - TERMINO TEMATICO [R]
Término temático o nombre geográfico como elemento de entrada [NR] Participación popular
9 (RLIN) 21124
690 #0 - ASUNTO AGREGADO LOCAL DE ENTRADA - TÉRMINO TEMÁTICO (OCLC, RLIN)
Acceso temático local Ciencia política
9 (RLIN) 340
700 1# - ASIENTO SECUNDARIO - NOMBRE PERSONAL [R]
Nombre personal [NR] Leal, Francisco
9 (RLIN) 78572
700 1# - ASIENTO SECUNDARIO - NOMBRE PERSONAL [R]
Nombre personal [NR] Latorre, Mario
9 (RLIN) 78573
942 ## - ELEMENTOS DE ENTRADA AGREGADOS (KOHA)
Sistema de clasificación DEWEY
Tema principal Ciencia política
Tipo de ítem principal el descrito en 300a Libro
Edición 1
Clasificación 320.861055
Parte restante de la signatura top. J97po
Existencias
Fecha de último préstamo Total préstamos Signatura topográfica Código de barras Última vez visto Ejemplar Costo de reposición Price effective from Tipo de ítem Perdido Sistema de clasificación Dañado No prestable Tipo de ítem específico Suprimido Ubicación habitual Ubicación actual Localización Fecha de creación Proveedor Forma de adquisición Costo
17/07/2017 1 320.861055 J97po 100149926 05/06/2024 Ej.1 26000.00 26/07/2016 Libro   DEWEY     Libro   Bodega Bodega 3er piso 26/07/2016 12 Donación 0.00